| 000 | 00328 a2200133 4500 | ||
|---|---|---|---|
| 001 | 62610 | ||
| 082 | _a297.1225 WAH | ||
| 090 |
_c37216 _d37216 |
||
| 100 | _aAbdul Waheed Khan | ||
| 245 | _aQuraan Majeed (Translation and Yransliteration in English) | ||
| 250 | _aPara VI | ||
| 260 | _bAbdul Waheed Khan | ||
| 300 | _a53p | ||
| 942 |
_aCAE NUST _k297.1225 WAH |
||
| 999 |
_c297683 _d297683 |
||